00418 a2200121 4500001001000000005001700010008004100027245007300068100002000141700002600161773009200187999001700279ART_4506920260410162038.0260409a 10aEl mercado de trabajo en el Gran La Plata durante los años noventa1 aEguía, Amalia1 aPiovani, Juan Ignacio0 tRevista de estudios regionales y mercado de trabajog- N° 3 (ene./dic. 2007)wREV44894 c34642d34642